[Event "Elitzur Int Online"]
[Site "Chess.com INT"]
[Date "2020.11.01"]
[Round "10"]
[White "Palchuk, Andrii"]
[Black "Sorin, Michael"]
[Result "1-0"]
[WhiteElo "2149"]
[BlackElo "2234"]
[PlyCount "113"]
[EventDate "2020.11.01"]
[EventType "swiss (blitz)"]
[EventRounds "11"]
[EventCountry "ISR"]
[SourceTitle "CBM 199 Extra"]
[Source "ChessBase"]
[SourceDate "2021.01.31"]
[SourceVersion "1"]
[SourceVersionDate "2021.01.31"]
[SourceQuality "1"]

1. e4 c5 2. Nc3 e6 3. Nf3 d6 4. g3 Nf6 5. Bg2 Be7 6. 0-0 0-0 7. d4 cxd4 8. Nxd4 Nc6 9. Nxc6 bxc6 10. e5 Nd5 11. exd6 Bxd6 12. Ne4 Be7 13. Qe2 Qb6 14. c4 Ba6 15. Rd1 Rad8 16. Bg5 h6 17. Bxe7 Nxe7 18. b3 Nf5 19. Rac1 Rxd1+ 20. Rxd1 Rd8 21. Rxd8+ Qxd8 22. Qd2 Qxd2 23. Nxd2 Nd4 24. Kf1 Kf8 25. Ne4 Ke7 26. Nc5 Bc8 27. Ke1 f5 28. Kd2 Kd6 29. Nd3 e5 30. Kc3 Ne2+ 31. Kd2 Nd4 32. h4 c5 33. b4 cxb4 34. Nxb4 e4 35. Bf1 Be6 36. Kc3 Nf3 37. a4 a5 38. Na6 Ne5 39. c5+ Ke7 40. Bb5 g5 41. hxg5 hxg5 42. Nc7 f4 43. gxf4 gxf4 44. Kd4 e3 45. fxe3 Ng6 46. c6 fxe3 47. Kc5 Bc8 48. Nd5+ Ke6 49. c7 Ne5 50. Nxe3 Nf3 51. Nc4 Ke7 52. Nb6 Be6 53. Nd5+ Kf7 54. Nb6 Ke7 55. Nd5+ Kf7 56. Bc4 Ne5 57. Nf4 1-0

[Event "Pardubice Czech op-A 25th"]
[Site "Pardubice"]
[Date "2014.07.25"]
[Round "8"]
[White "Sorin, Michael"]
[Black "Pershin, Denis"]
[Result "0-1"]
[WhiteElo "2249"]
[BlackElo "2171"]
[PlyCount "50"]
[EventDate "2014.07.18"]
[EventType "swiss"]
[EventRounds "9"]
[EventCountry "CZE"]
[SourceTitle "CBM 161 Extra"]
[Source "ChessBase"]
[SourceDate "2014.08.29"]
[SourceVersion "1"]
[SourceVersionDate "2014.08.29"]
[SourceQuality "1"]

1. Nf3 Nf6 2. c4 e6 3. Nc3 d5 4. d4 Be7 5. cxd5 exd5 6. Qc2 c6 7. Bg5 h6 8. Bh4 0-0 9. e3 Ne4 10. Bxe7 Qxe7 11. Bd3 Nxc3 12. bxc3 c5 13. 0-0 Nc6 14. Bh7+ Kh8 15. Bf5 b6 16. Rfe1 Qf6 17. Bxc8 Raxc8 18. Qb3 Rfd8 19. Qa3 Na5 20. Ne5 Qf5 21. Rac1 Rc7 22. Red1 Rdc8 23. Qb2 cxd4 24. cxd4 Rc2 25. Nxf7+ Kg8 0-1

[Event "Pardubice Czech op-A 25th"]
[Site "Pardubice"]
[Date "2014.07.22"]
[Round "5"]
[White "Klecker, Tadeas"]
[Black "Sorin, Michael"]
[Result "0-1"]
[WhiteElo "2167"]
[BlackElo "2249"]
[PlyCount "108"]
[EventDate "2014.07.18"]
[EventType "swiss"]
[EventRounds "9"]
[EventCountry "CZE"]
[SourceTitle "CBM 161 Extra"]
[Source "ChessBase"]
[SourceDate "2014.08.29"]
[SourceVersion "1"]
[SourceVersionDate "2014.08.29"]
[SourceQuality "1"]

1. d4 f5 2. c4 Nf6 3. g3 g6 4. Nf3 Bg7 5. b4 0-0 6. Bb2 d6 7. Bg2 c6 8. 0-0 Na6 9. Qb3 Nc7 10. Nc3 Kh8 11. d5 Bd7 12. b5 Rb8 13. Rab1 Na8 14. bxc6 bxc6 15. Qc2 Nb6 16. Qd3 c5 17. Nd2 Ng4 18. e3 Qc8 19. Qe2 Qa6 20. h3 Ne5 21. Rfc1 Na4 22. Nxa4 Qxa4 23. Bc3 Rxb1 24. Nxb1 Rb8 25. Bf1 e6 26. f4 Nf7 27. Bxg7+ Kxg7 28. dxe6 Bxe6 29. g4 fxg4 30. hxg4 Qd7 31. g5 h6 32. gxh6+ Nxh6 33. Nc3 Qe7 34. Qf2 Ng4 35. Qg3 Rb2 36. Bd3 Qe8 37. e4 Qh8 38. f5 Rh2 39. Ne2 Rh1+ 40. Kg2 Rh2+ 41. Kg1 Rh1+ 42. Kg2 Rh2+ 43. Kg1 Bxf5 44. exf5 Rh1+ 45. Kg2 Qa8+ 46. Qf3 Rh2+ 47. Kg3 Rh3+ 48. Kxh3 Qxf3+ 49. Ng3 Nf2+ 50. Kh2 Nxd3 51. Rf1 Qg4 52. Rg1 Nf4 53. f6+ Kf7 54. Ne4 Qh3# 0-1

[Event "ISR-ch"]
[Site "Haifa"]
[Date "2010.11.16"]
[Round "7"]
[White "Gruenfeld, Yehuda"]
[Black "Sorin, Michael"]
[Result "1-0"]
[WhiteElo "2469"]
[BlackElo "2204"]
[PlyCount "125"]
[EventDate "2010.11.08"]
[EventType "swiss"]
[EventRounds "9"]
[EventCountry "ISR"]
[SourceTitle "EXT 2011"]
[Source "ChessBase"]
[SourceDate "2010.11.26"]
[SourceVersion "1"]
[SourceVersionDate "2010.11.26"]
[SourceQuality "1"]

1. e4 c5 2. Nf3 Nc6 3. d4 cxd4 4. Nxd4 e5 5. Nb5 d6 6. c4 Be7 7. N1c3 a6 8. Na3 Be6 9. Be2 Bg5 10. 0-0 Bxc1 11. Rxc1 Nf6 12. Nc2 0-0 13. Qd2 Rc8 14. h3 Qb6 15. Rfd1 Rfd8 16. Bf1 Ne7 17. Ne3 Nc6 18. b3 Nd4 19. Nc2 Nxc2 20. Rxc2 h6 21. Qe1 Qc6 22. Rcc1 Qc7 23. Qe2 Qa5 24. Qd3 Nh5 25. g3 Qc5 26. Bg2 Nf6 27. Re1 Bd7 28. Rcd1 Qa5 29. a4 b5 30. axb5 axb5 31. Nxb5 Bxb5 32. cxb5 Rc3 33. Qd2 Qb4 34. Re3 Rxb3 35. Rxb3 Qxb3 36. Qd3 Qxd3 37. Rxd3 Rb8 38. Rb3 Rb6 39. Rb4 Kf8 40. Bf1 d5 41. exd5 Nxd5 42. Rc4 Ke7 43. Rc8 Rb7 44. Rc5 Kd6 45. Rc6+ Kd7 46. Bc4 Nb4 47. Rc5 f6 48. Kg2 Rc7 49. Rxc7+ Kxc7 50. Kf3 Kd6 51. Ke4 g6 52. g4 h5 53. gxh5 f5+ 54. Kf3 gxh5 55. Kg3 Kc5 56. Bf1 f4+ 57. Kh4 e4 58. Kxh5 Nd3 59. f3 Nf2 60. h4 e3 61. Kg5 Nh3+ 62. Kg4 Ng1 63. h5 1-0

[Event "ISR-ch"]
[Site "Haifa"]
[Date "2010.11.11"]
[Round "4.5"]
[White "Sorin, Michael"]
[Black "Kantsler, Boris"]
[Result "1/2-1/2"]
[WhiteElo "2204"]
[BlackElo "2440"]
[PlyCount "58"]
[EventDate "2010.11.08"]
[EventType "swiss"]
[EventRounds "9"]
[EventCountry "ISR"]
[SourceTitle "EXT 2011"]
[Source "ChessBase"]
[SourceDate "2010.11.26"]
[SourceVersion "1"]
[SourceVersionDate "2010.11.26"]
[SourceQuality "1"]

1. Nf3 g6 2. c4 Bg7 3. Nc3 d6 4. d4 Nf6 5. e4 0-0 6. Be2 Nbd7 7. 0-0 e5 8. Re1 Re8 9. d5 Rf8 10. Bf1 h6 11. b4 a5 12. bxa5 Rxa5 13. a4 Nc5 14. Ba3 Nfd7 15. Nd2 Ra8 16. Bxc5 Nxc5 17. Nb3 Nxb3 18. Qxb3 Ra5 19. Ra3 b6 20. Be2 f5 21. Bf3 Bd7 22. Nb5 Kh7 23. Qc2 Kh8 24. Rf1 Be8 25. Qe2 Bd7 26. Qc2 Be8 27. Qe2 Bd7 28. Qc2 Be8 29. Qe2 Bd7 1/2-1/2